| Tag |
First Indicator |
Second Indicator |
Subfields |
| LEADER |
00000cam a22000001 4500 |
| 001 |
in00000059854 |
| 005 |
20240515170908.0 |
| 008 |
720823s1965 enkc 001 0 eng |
| 010 |
|
|
|a 65004152
|
| 015 |
|
|
|a GB6509658
|2 bnb
|
| 016 |
|
|
|a (AMICUS)000004257720
|
| 019 |
|
|
|a 387561
|a 221190373
|a 744565479
|a 925974533
|a 1065017220
|a 1080694450
|a 1103572682
|a 1114357290
|a 1327885219
|
| 029 |
1 |
|
|a AU@
|b 000002524544
|
| 029 |
1 |
|
|a AU@
|b 000009497093
|
| 029 |
1 |
|
|a AU@
|b 000024923937
|
| 029 |
1 |
|
|a AU@
|b 000049112127
|
| 029 |
1 |
|
|a AU@
|b 000055539228
|
| 029 |
1 |
|
|a DEBBG
|b BV007087577
|
| 029 |
1 |
|
|a DEBSZ
|b 100750486
|
| 029 |
1 |
|
|a HEBIS
|b 11345743X
|
| 029 |
1 |
|
|a NLC
|b 000004257720
|
| 029 |
1 |
|
|a NLNZL
|b 999005103502836
|
| 029 |
1 |
|
|a NZ1
|b 7944588
|
| 029 |
1 |
|
|a NZ1
|b 900510
|
| 029 |
1 |
|
|a AU@
|b 000067473334
|
| 035 |
|
|
|a (OCoLC)ocm00349816
|
| 035 |
|
|
|a (OCoLC)349816
|z (OCoLC)387561
|z (OCoLC)221190373
|z (OCoLC)744565479
|z (OCoLC)925974533
|z (OCoLC)1065017220
|z (OCoLC)1080694450
|z (OCoLC)1103572682
|z (OCoLC)1114357290
|z (OCoLC)1327885219
|
| 035 |
|
|
|a (OCoLC)ocm00349816
|
| 040 |
|
|
|a DLC
|b eng
|c WSU
|d DLC
|d YNG
|d UKM
|d BTCTA
|d OCLCG
|d AU@
|d DEBBG
|d KIJ
|d OCLCA
|d OCLCQ
|d OCLCO
|d UOI
|d OCLCF
|d OCL
|d MNA
|d NLC
|d DHA
|d OCLCQ
|d UKUOY
|d OCLCA
|d EUQ
|d OCLCQ
|d OCLCO
|d YBM
|d OCLCO
|d OCLCL
|d OCLCQ
|d VI#
|d UX0
|
| 043 |
|
|
|a e-uk-en
|a e-uk---
|
| 050 |
0 |
0 |
|a BX2592
|b .C6
|
| 055 |
|
1 |
|a BX2592.C6
|
| 060 |
|
4 |
|a BX2592
|b .C6
|
| 082 |
0 |
0 |
|a 274.206
|
| 082 |
0 |
4 |
|a 271.0942
|
| 084 |
|
|
|a BO 5250
|2 rvk
|
| 084 |
|
|
|a NN 4030
|2 rvk
|
| 100 |
1 |
|
|a Cook, G. H.
|q (George Henry)
|
| 245 |
0 |
0 |
|a Letters to Cromwell and others on the suppression of the monasteries /
|c [by] G.H. Cook.
|
| 246 |
1 |
|
|i Half title:
|a Letters to Cromwell on the suppression of the monasteries
|
| 264 |
|
1 |
|a London,
|b J. Baker
|c [1965]
|
| 264 |
|
4 |
|c ©1965
|
| 300 |
|
|
|a viii, 272 pages
|b portrait
|c 22 cm
|
| 336 |
|
|
|a text
|b txt
|2 rdacontent
|
| 337 |
|
|
|a unmediated
|b n
|2 rdamedia
|
| 338 |
|
|
|a volume
|b nc
|2 rdacarrier
|
| 340 |
|
|
|p illustration
|2 rdaill
|
| 500 |
|
|
|a Includes index.
|
| 600 |
0 |
0 |
|a Henry
|b VIII,
|c King of England,
|d 1491-1547
|x Relations with monks.
|
| 650 |
|
0 |
|a Monasteries
|z England
|x History
|y 16th century.
|
| 651 |
|
0 |
|a Great Britain
|x History
|y Henry VIII, 1509-1547
|x Sources.
|
| 650 |
|
0 |
|a Monasticism and religious orders
|z England
|x History
|y 16th century.
|
| 651 |
|
6 |
|a Grande-Bretagne
|x Histoire
|y 1509-1547 (Henri VIII)
|x Sources.
|
| 650 |
|
6 |
|a Monachisme et ordres religieux
|z Angleterre
|x Histoire
|y 16e siècle.
|
| 600 |
0 |
7 |
|a Henry
|b VIII,
|c King of England,
|d 1491-1547
|2 fast
|1 https://id.oclc.org/worldcat/entity/E39PBJwRQmQfdjfwd376Bk9xDq
|
| 650 |
|
7 |
|a Monasteries
|2 fast
|
| 650 |
|
7 |
|a Monasticism and religious orders
|2 fast
|
| 650 |
|
7 |
|a Relations with monks
|2 fast
|
| 651 |
|
7 |
|a England
|2 fast
|1 https://id.oclc.org/worldcat/entity/E39PBJpYDdYvBpjXV6WpybK68C
|
| 651 |
|
7 |
|a Great Britain
|2 fast
|1 https://id.oclc.org/worldcat/entity/E39PBJdmp7p3cx8hpmJ8HvmTpP
|
| 648 |
|
7 |
|a 1500-1599
|2 fast
|
| 655 |
|
7 |
|a History.
|2 fast
|
| 655 |
|
7 |
|a Sources.
|2 fast
|
| 700 |
1 |
|
|a Cromwell, Thomas,
|c Earl of Essex,
|d 1485?-1540.
|1 https://id.oclc.org/worldcat/entity/E39PBJwRTQfprBjHvmckv6rwmd
|
| 758 |
|
|
|i has work:
|a Letters to Cromwell and others on the suppression of the monasteries (Text)
|1 https://id.oclc.org/worldcat/entity/E39PCFJ7RMGbxJm6jJ3JFCHV4q
|4 https://id.oclc.org/worldcat/ontology/hasWork
|
| 776 |
0 |
8 |
|i Online version:
|a Cook, G.H. (George Henry).
|t Letters to Cromwell and others on the suppression of the monasteries.
|d London, J. Baker [1965]
|w (OCoLC)599860891
|
| 776 |
0 |
8 |
|i Online version:
|a Cook, G.H. (George Henry).
|t Letters to Cromwell and others on the suppression of the monasteries.
|d London, J. Baker [1965]
|w (OCoLC)607123874
|
| 938 |
|
|
|a Baker and Taylor
|b BTCP
|n 65004152
|
| 948 |
|
|
|h HELD BY TXA - 498 OTHER HOLDINGS
|
| 994 |
|
|
|a Z0
|b TXA
|
| 999 |
f |
f |
|s 95b2814a-bfb6-365d-8373-399da24e771d
|i 4c203a65-9002-3785-8b08-a905c8c630a3
|t 0
|
| 952 |
f |
f |
|p ric
|a Texas A&M University
|b Rellis Campus
|c Joint Library Facility
|s JLF
|d Remote Storage
|t 0
|e BX2592 .C6
|h Library of Congress classification
|i unmediated -- volume
|m A14800611793
|